[Event "European School Championships"]
[Site "Rhodes, Greece"]
[Date "2022.04.25"]
[Round "5.1"]
[White "Alessi, Clio"]
[Black "Veselow, Zoe"]
[Result "0-1"]
[WhiteElo "1524"]
[BlackElo "1314"]
[PlyCount "74"]
[EventDate "2022.04.21"]
[EventRounds "9"]

1. e4 {[%emt 0:00:02]} c5 {[%emt 0:00:09]} 2. Nf3 {[%emt 0:00:06]} e6 {[%emt 0:
00:08]} 3. c3 {[%emt 0:00:10]} d5 {[%emt 0:00:17]} 4. exd5 {[%emt 0:03:13]}
Qxd5 {[%emt 0:00:17]} 5. d4 {[%emt 0:00:39]} Nf6 {[%emt 0:00:33]} 6. Bb5+ {
[%emt 0:06:46]} Nc6 {[%emt 0:04:45]} 7. O-O {[%emt 0:04:42]} Bd6 {[%emt 0:03:
47]} 8. c4 {[%emt 0:01:43]} Qh5 {[%emt 0:01:09]} 9. Nc3 {[%emt 0:09:32]} O-O {
[%emt 0:00:30]} 10. Bxc6 {[%emt 0:13:47]} bxc6 {[%emt 0:00:16]} 11. Re1 {
[%emt 0:00:43]} Bb7 {[%emt 0:00:41]} 12. Ne4 {[%emt 0:00:41]} Nxe4 {[%emt 0:00:
31]} 13. Rxe4 {[%emt 0:00:09]} Bxh2+ {[%emt 0:01:05]} 14. Kf1 {[%emt 0:00:27]}
Bd6 {[%emt 0:01:05]} 15. Rh4 {[%emt 0:00:21]} Qg6 {[%emt 0:00:53]} 16. dxc5 {
[%emt 0:02:54]} Bxc5 {[%emt 0:00:27]} 17. a3 {[%emt 0:08:26]} Rfd8 {[%emt 0:00:
42]} 18. Qe2 {[%emt 0:01:31]} a5 {[%emt 0:02:59]} 19. Ne5 {[%emt 0:04:44]} Qf6
{[%emt 0:03:34]} 20. Rf4 {[%emt 0:00:29]} Qh6 {[%emt 0:00:21]} 21. Nf3 {
[%emt 0:01:38]} Qh1+ {[%emt 0:01:21]} 22. Ng1 {[%emt 0:00:09]} Bd6 {[%emt 0:02:
13]} 23. Rg4 {[%emt 0:07:17]} Bh2 {[%emt 0:00:40]} 24. Rxg7+ {[%emt 0:00:31]}
Kxg7 {[%emt 0:01:41]} 25. Bh6+ {[%emt 0:02:37]} Kxh6 {[%emt 0:01:21]} 26. Qe3+
{[%emt 0:00:13]} Kg7 {[%emt 0:00:46]} 27. Qg5+ {[%emt 0:00:07]} Kf8 {[%emt 0:
01:43]} 28. Qh6+ {[%emt 0:00:10]} Ke8 {[%emt 0:00:53]} 29. Re1 {[%emt 0:03:35]}
Qxg1+ {[%emt 0:01:07]} 30. Ke2 {[%emt 0:00:07]} Qxg2 {[%emt 0:00:28]} 31. Qxh7
{[%emt 0:01:24]} Qg4+ {[%emt 0:00:19]} 32. Kf1 {[%emt 0:00:53]} Qxc4+ {[%emt 0:
00:36]} 33. Kg2 {[%emt 0:00:16]} c5+ {[%emt 0:00:33]} 34. Kxh2 {[%emt 0:00:11]}
Qf4+ {[%emt 0:00:25]} 35. Kh3 {[%emt 0:00:27]} Qf3+ {[%emt 0:00:46]} 36. Kh4 {
[%emt 0:01:53]} Rd4+ {[%emt 0:00:19]} 37. Kg5 {[%emt 0:00:33]} Qf4+ {[%emt 0:
00:18]} 0-1

[Event "European School Championships"]
[Site "Rhodes, Greece"]
[Date "2022.04.27"]
[Round "7.2"]
[White "Cretescu, Emma"]
[Black "Alessi, Clio"]
[Result "1-0"]
[WhiteElo "1171"]
[BlackElo "1524"]
[PlyCount "135"]
[EventDate "2022.04.21"]
[EventRounds "9"]

1. d4 {[%emt 0:00:06]} d5 {[%emt 0:00:09]} 2. e3 {[%emt 0:00:08]} Bf5 {[%emt 0:
02:19]} 3. Nf3 {[%emt 0:00:54]} Nf6 {[%emt 0:00:26]} 4. c4 {[%emt 0:00:27]} c6
{[%emt 0:02:28]} 5. Qb3 {[%emt 0:00:56]} Qb6 {[%emt 0:00:33]} 6. c5 {[%emt 0:
00:41]} Qxb3 {[%emt 0:00:19]} 7. axb3 {[%emt 0:00:13]} h6 {[%emt 0:00:38]} 8.
Nc3 {[%emt 0:00:45]} e6 {[%emt 0:02:27]} 9. b4 {[%emt 0:00:28]} Nbd7 {[%emt 0:
01:03]} 10. b5 {[%emt 0:00:34]} Be7 {[%emt 0:01:26]} 11. bxc6 {[%emt 0:01:11]}
bxc6 {[%emt 0:00:11]} 12. Ba6 {[%emt 0:03:15]} Rb8 {[%emt 0:03:52]} 13. O-O {
[%emt 0:01:19]} O-O {[%emt 0:00:52]} 14. Be2 {[%emt 0:00:52]} Ra8 {[%emt 0:05:
32]} 15. Ra6 {[%emt 0:00:47]} Rfc8 {[%emt 0:05:06]} 16. Bd2 {[%emt 0:01:11]}
Rab8 {[%emt 0:02:00]} 17. Rxa7 {[%emt 0:01:35]} Rxb2 {[%emt 0:00:15]} 18. Ba6 {
[%emt 0:01:27]} Rcb8 {[%emt 0:00:31]} 19. Rc7 {[%emt 0:05:14]} Bg4 {[%emt 0:01:
02]} 20. Rd1 {[%emt 0:08:23]} Bd8 {[%emt 0:04:24]} 21. Rxc6 {[%emt 0:28:16]}
Ba5 {[%emt 0:00:31]} 22. h3 {[%emt 0:01:34]} Rxd2 {[%emt 0:02:14]} 23. Rxd2 {
[%emt 0:03:12]} Bxc3 {[%emt 0:00:08]} 24. hxg4 {[%emt 0:05:00]} Bxd2 {[%emt 0:
00:17]} 25. Nxd2 {[%emt 0:00:15]} Nxg4 {[%emt 0:00:12]} 26. Rc8+ {[%emt 0:03:
11]} Rxc8 {[%emt 0:03:29]} 27. Bxc8 {[%emt 0:00:07]} Ngf6 {[%emt 0:00:07]} 28.
f3 {[%emt 0:03:45]} Kf8 {[%emt 0:03:07]} 29. Bxd7 {[%emt 0:06:18]} Nxd7 {
[%emt 0:00:16]} 30. Kf2 {[%emt 0:00:47]} Ke8 {[%emt 0:00:19]} 31. Ke2 {[%emt 0:
01:25]} Kd8 {[%emt 0:00:06]} 32. Kd3 {[%emt 0:00:47]} Kc7 {[%emt 0:01:03]} 33.
Kc3 Kc6 {[%emt 0:08:24]} 34. Kb4 e5 {[%emt 0:03:37]} 35. Nb3 exd4 {[%emt 0:05:
18]} 36. Nxd4+ Kc7 {[%emt 0:02:37]} 37. Nf5 g6 38. Nxh6 f5 {[%emt 0:00:56]} 39.
Ng8 Kd8 {[%emt 0:04:49]} 40. c6 {[%emt 0:01:32]} Nb6 {[%emt 0:00:55]} 41. Kc5 {
[%emt 0:00:31]} Nc4 42. Kxd5 {[%emt 0:01:25]} Nxe3+ {[%emt 0:00:13]} 43. Kd6
Nc4+ 44. Kc5 {[%emt 0:01:11]} Ne3 {[%emt 0:00:07]} 45. Kb6 {[%emt 0:00:48]}
Nd5+ {[%emt 0:00:18]} 46. Kb7 {[%emt 0:02:12]} Ke8 {[%emt 0:08:51]} 47. c7 {
[%emt 0:03:41]} Nxc7 48. Kxc7 Kf7 {[%emt 0:00:06]} 49. Nh6+ {[%emt 0:00:19]}
Kg7 {[%emt 0:00:09]} 50. Nxf5+ {[%emt 0:00:15]} gxf5 {[%emt 0:00:07]} 51. Kd6 {
[%emt 0:00:36]} Kg6 {[%emt 0:00:15]} 52. Ke5 {[%emt 0:00:23]} Kg5 {[%emt 0:00:
20]} 53. f4+ {[%emt 0:01:04]} Kh5 {[%emt 0:00:46]} 54. Kxf5 {[%emt 0:00:20]}
Kh6 {[%emt 0:00:06]} 55. Kf6 {[%emt 0:00:16]} Kh7 {[%emt 0:00:08]} 56. Kf7 {
[%emt 0:00:17]} Kh8 {[%emt 0:00:07]} 57. f5 {[%emt 0:00:18]} Kh7 {[%emt 0:00:
06]} 58. f6 {[%emt 0:00:08]} Kh8 {[%emt 0:00:06]} 59. Ke8 {[%emt 0:00:08]} Kh7
{[%emt 0:00:56]} 60. f7 {[%emt 0:00:09]} Kg6 {[%emt 0:00:06]} 61. f8=Q {
[%emt 0:00:29]} Kg5 {[%emt 0:01:35]} 62. g4 {[%emt 0:00:38]} Kxg4 {[%emt 0:00:
06]} 63. Qf6 {[%emt 0:00:09]} Kh5 {[%emt 0:00:07]} 64. Qg7 {[%emt 0:00:12]} Kh4
{[%emt 0:00:05]} 65. Qg6 {[%emt 0:00:09]} Kh3 {[%emt 0:00:04]} 66. Qg5 {
[%emt 0:00:14]} Kh2 {[%emt 0:00:05]} 67. Qg4 {[%emt 0:00:12]} Kh1 {[%emt 0:00:
02]} 68. Kf7 {[%emt 0:00:12]} 1-0

[Event "European School Championships"]
[Site "Rhodes, Greece"]
[Date "2022.04.21"]
[Round "1.1"]
[White "Olariu-Chilut, Sofia"]
[Black "Aydogan, Arya"]
[Result "0-1"]
[WhiteElo "1149"]
[BlackElo "1409"]
[PlyCount "84"]
[EventDate "2022.04.21"]
[EventRounds "9"]

1. e4 {[%emt 0:00:02]} e5 {[%emt 0:00:11]} 2. Nf3 {[%emt 0:00:10]} Nc6 {
[%emt 0:00:13]} 3. Nc3 {[%emt 0:00:09]} Nf6 {[%emt 0:00:12]} 4. d4 {[%emt 0:00:
07]} exd4 {[%emt 0:00:44]} 5. Nxd4 {[%emt 0:00:09]} Bb4 {[%emt 0:00:28]} 6.
Nxc6 {[%emt 0:00:11]} bxc6 {[%emt 0:00:14]} 7. Bd3 {[%emt 0:00:09]} O-O {
[%emt 0:00:30]} 8. O-O {[%emt 0:00:09]} d5 {[%emt 0:00:14]} 9. exd5 {[%emt 0:
00:10]} cxd5 {[%emt 0:00:15]} 10. h3 {[%emt 0:10:16]} h6 {[%emt 0:06:33]} 11.
Bf4 {[%emt 0:05:07]} c6 {[%emt 0:09:26]} 12. Qf3 {[%emt 0:09:28]} Be6 {[%emt 0:
03:03]} 13. Qg3 {[%emt 0:09:03]} Nh5 {[%emt 0:00:11]} 14. Qf3 {[%emt 0:04:47]}
Nxf4 {[%emt 0:03:46]} 15. Qxf4 {[%emt 0:00:35]} Bd6 {[%emt 0:01:16]} 16. Qf3 {
[%emt 0:04:58]} Qd7 {[%emt 0:03:05]} 17. Rae1 {[%emt 0:05:19]} Rab8 {[%emt 0:
03:00]} 18. b3 {[%emt 0:01:27]} Bb4 {[%emt 0:03:46]} 19. Be2 {[%emt 0:00:43]}
d4 {[%emt 0:01:30]} 20. Rd1 {[%emt 0:07:26]} Bxc3 {[%emt 0:01:13]} 21. Rd3 {
[%emt 0:02:50]} Bf5 {[%emt 0:04:57]} 22. Rdd1 {[%emt 0:03:04]} Bxc2 {[%emt 0:
01:16]} 23. Rc1 {[%emt 0:01:47]} Bg6 {[%emt 0:05:37]} 24. Rfd1 {[%emt 0:04:00]}
Qb7 {[%emt 0:03:53]} 25. Bd3 {[%emt 0:05:42]} Bxd3 {[%emt 0:00:40]} 26. Rxd3 {
[%emt 0:00:10]} c5 {[%emt 0:01:54]} 27. Qxb7 {[%emt 0:02:30]} Rxb7 {[%emt 0:02:
10]} 28. g4 {[%emt 0:07:00]} Re8 {[%emt 0:00:58]} 29. Kg2 {[%emt 0:03:32]} Re2
{[%emt 0:00:52]} 30. Rf3 {[%emt 0:01:33]} Rxa2 {[%emt 0:00:37]} 31. Rb1 {
[%emt 0:00:46]} Ra3 {[%emt 0:00:35]} 32. Rd1 {[%emt 0:01:47]} Raxb3 {[%emt 0:
00:26]} 33. Rc1 {[%emt 0:01:53]} a5 {[%emt 0:00:27]} 34. Rf5 {[%emt 0:00:58]}
Rc7 {[%emt 0:00:38]} 35. Rf3 {[%emt 0:01:21]} a4 {[%emt 0:00:19]} 36. Rd1 {
[%emt 0:01:07]} a3 {[%emt 0:00:24]} 37. Rfd3 {[%emt 0:01:58]} c4 {[%emt 0:00:
23]} 38. Rf3 {[%emt 0:00:34]} a2 {[%emt 0:00:22]} 39. Kg3 {[%emt 0:00:42]} Rb1
{[%emt 0:00:36]} 40. Rxb1 {[%emt 0:00:18]} axb1=Q {[%emt 0:00:16]} 41. Kh4 {
[%emt 0:00:47]} g5+ {[%emt 0:00:34]} 42. Kg3 {[%emt 0:00:07]} Qg1# {[%emt 0:00:
45]} 0-1

[Event "European School Championships"]
[Site "Rhodes, Greece"]
[Date "2022.04.21"]
[Round "1.2"]
[White "Patel, Diah Dipal"]
[Black "Anemogianni, Savvina"]
[Result "0-1"]
[WhiteElo "1318"]
[BlackElo "1102"]
[PlyCount "150"]
[EventDate "2022.04.21"]
[EventRounds "9"]

1. e4 {[%emt 0:00:02]} c5 {[%emt 0:00:10]} 2. Nc3 {[%emt 0:00:13]} e6 {[%emt 0:
00:18]} 3. g3 {[%emt 0:00:15]} Nc6 {[%emt 0:00:28]} 4. Bg2 {[%emt 0:00:50]} a6
{[%emt 0:01:07]} 5. Nge2 {[%emt 0:01:24]} Nf6 {[%emt 0:01:07]} 6. d3 {[%emt 0:
00:58]} Be7 {[%emt 0:01:27]} 7. f4 {[%emt 0:00:54]} d6 {[%emt 0:02:18]} 8. Be3
{[%emt 0:00:57]} d5 {[%emt 0:11:10]} 9. e5 {[%emt 0:01:49]} Nd7 {[%emt 0:00:49]
} 10. d4 {[%emt 0:01:28]} cxd4 {[%emt 0:01:16]} 11. Nxd4 {[%emt 0:00:30]} Bc5 {
[%emt 0:03:01]} 12. Nxc6 {[%emt 0:01:26]} bxc6 {[%emt 0:00:13]} 13. Bxc5 {
[%emt 0:00:41]} Nxc5 {[%emt 0:00:20]} 14. O-O {[%emt 0:01:07]} O-O {[%emt 0:00:
08]} 15. h4 {[%emt 0:01:31]} Qb6 {[%emt 0:00:56]} 16. Qd4 {[%emt 0:03:07]} Nd7
{[%emt 0:02:16]} 17. Qxb6 {[%emt 0:00:42]} Nxb6 {[%emt 0:00:08]} 18. h5 {
[%emt 0:00:32]} h6 {[%emt 0:00:20]} 19. g4 {[%emt 0:00:29]} Nc4 {[%emt 0:03:04]
} 20. g5 {[%emt 0:00:37]} hxg5 {[%emt 0:00:19]} 21. fxg5 {[%emt 0:00:23]} Nxe5
{[%emt 0:00:30]} 22. h6 {[%emt 0:00:57]} gxh6 {[%emt 0:00:22]} 23. gxh6 {
[%emt 0:01:27]} Kh7 {[%emt 0:00:34]} 24. Rae1 {[%emt 0:01:37]} Ng4 {[%emt 0:01:
10]} 25. Rf4 {[%emt 0:01:31]} e5 {[%emt 0:00:59]} 26. Rb4 {[%emt 0:02:34]} Kxh6
{[%emt 0:00:21]} 27. Bf3 {[%emt 0:01:49]} e4 {[%emt 0:01:05]} 28. Nxe4 {
[%emt 0:00:58]} dxe4 {[%emt 0:00:47]} 29. Rexe4 {[%emt 0:01:35]} f5 {[%emt 0:
01:42]} 30. Rec4 {[%emt 0:01:26]} Bd7 {[%emt 0:04:42]} 31. Rb7 {[%emt 0:00:55]}
Ne5 {[%emt 0:01:00]} 32. Rh4+ {[%emt 0:00:52]} Kg6 {[%emt 0:00:16]} 33. Bh5+ {
[%emt 0:01:30]} Kf6 {[%emt 0:01:08]} 34. Be2 {[%emt 0:01:01]} Rg8+ {[%emt 0:00:
30]} 35. Kf1 {[%emt 0:00:37]} Rgb8 {[%emt 0:03:57]} 36. Rh6+ {[%emt 0:00:59]}
Kg7 {[%emt 0:01:26]} 37. Rxb8 Rxb8 {[%emt 0:00:12]} 38. Rh5 {[%emt 0:00:46]}
Rxb2 39. Rg5+ {[%emt 0:01:04]} Kf6 {[%emt 0:00:13]} 40. Rh5 {[%emt 0:00:26]}
Rxa2 {[%emt 0:00:36]} 41. Rh6+ {[%emt 0:03:52]} Kg7 {[%emt 0:00:19]} 42. Rh2 {
[%emt 0:00:23]} a5 {[%emt 0:00:22]} 43. Rg2+ {[%emt 0:00:10]} Ng4 {[%emt 0:00:
25]} 44. Bc4 {[%emt 0:00:54]} Ra4 {[%emt 0:00:34]} 45. Bb3 {[%emt 0:03:02]} Rb4
{[%emt 0:00:50]} 46. Re2 {[%emt 0:00:34]} Re4 {[%emt 0:00:45]} 47. Rd2 {
[%emt 0:02:44]} Be6 {[%emt 0:00:53]} 48. Bxe6 {[%emt 0:00:15]} Rxe6 {[%emt 0:
00:05]} 49. Rd7+ {[%emt 0:00:08]} Kg6 {[%emt 0:00:12]} 50. Ra7 {[%emt 0:00:19]}
Ne3+ {[%emt 0:00:18]} 51. Ke2 {[%emt 0:00:47]} Nxc2+ {[%emt 0:00:10]} 52. Kd1 {
[%emt 0:00:17]} Ne3+ {[%emt 0:00:50]} 53. Kd2 {[%emt 0:00:29]} Nc4+ {[%emt 0:
00:15]} 54. Kc3 {[%emt 0:00:12]} Re4 {[%emt 0:00:13]} 55. Rc7 {[%emt 0:00:27]}
Ne5 {[%emt 0:00:37]} 56. Ra7 {[%emt 0:00:25]} f4 {[%emt 0:00:02]} 57. Rxa5 {
[%emt 0:00:29]} f3 {[%emt 0:00:02]} 58. Ra1 {[%emt 0:01:20]} f2 {[%emt 0:00:03]
} 59. Rf1 {[%emt 0:00:07]} Rf4 {[%emt 0:00:03]} 60. Kd2 {[%emt 0:00:05]} Ng4 {
[%emt 0:00:02]} 61. Ke2 {[%emt 0:00:05]} Kh5 {[%emt 0:00:06]} 62. Kd2 {[%emt 0:
00:53]} Kh4 {[%emt 0:00:24]} 63. Ke2 {[%emt 0:00:13]} Kg3 {[%emt 0:00:08]} 64.
Rxf2 {[%emt 0:00:35]} Rxf2+ {[%emt 0:00:05]} 65. Kd3 {[%emt 0:00:17]} c5 {
[%emt 0:00:02]} 66. Kc4 {[%emt 0:00:17]} Rf5 {[%emt 0:00:03]} 67. Kc3 {[%emt 0:
00:17]} Rf8 {[%emt 0:00:02]} 68. Kc4 {[%emt 0:00:19]} Rc8 {[%emt 0:00:01]} 69.
Kc3 {[%emt 0:00:17]} c4 {[%emt 0:00:03]} 70. Kc2 {[%emt 0:00:14]} c3 {[%emt 0:
00:02]} 71. Kc1 {[%emt 0:00:16]} c2 {[%emt 0:00:04]} 72. Kb2 {[%emt 0:00:09]}
c1=Q+ {[%emt 0:00:06]} 73. Ka2 {[%emt 0:00:42]} Rc2+ {[%emt 0:00:04]} 74. Kb3 {
[%emt 0:00:14]} Qb1+ {[%emt 0:00:05]} 75. Ka3 {[%emt 0:00:30]} Ra2# {[%emt 0:
00:02]} 0-1

[Event "European School Championships"]
[Site "Rhodes, Greece"]
[Date "2022.04.22"]
[Round "2.1"]
[White "Aydogan, Arya"]
[Black "Janouskova, Eliska"]
[Result "1-0"]
[WhiteElo "1409"]
[BlackElo "1167"]
[PlyCount "73"]
[EventDate "2022.04.21"]
[EventRounds "9"]

1. e4 {[%emt 0:00:03]} e5 {[%emt 0:00:24]} 2. Nf3 {[%emt 0:00:13]} d5 {[%emt 0:
00:38]} 3. exd5 {[%emt 0:00:24]} e4 {[%emt 0:01:23]} 4. Qe2 {[%emt 0:00:26]}
Nf6 {[%emt 0:01:35]} 5. d3 {[%emt 0:00:43]} Qxd5 {[%emt 0:01:31]} 6. Nbd2 {
[%emt 0:02:13]} Bf5 {[%emt 0:02:58]} 7. dxe4 {[%emt 0:00:45]} Nxe4 {[%emt 0:02:
31]} 8. Nh4 {[%emt 0:03:12]} Be7 {[%emt 0:08:36]} 9. Nxf5 {[%emt 0:01:35]} Qxf5
{[%emt 0:00:33]} 10. Qxe4 {[%emt 0:01:45]} Qc8 {[%emt 0:04:22]} 11. Bd3 {
[%emt 0:02:26]} Nc6 {[%emt 0:02:08]} 12. O-O {[%emt 0:01:55]} Qd7 {[%emt 0:02:
45]} 13. Nf3 {[%emt 0:05:25]} g6 {[%emt 0:03:23]} 14. Bb5 {[%emt 0:03:46]}
O-O-O {[%emt 0:03:29]} 15. Qa4 {[%emt 0:03:51]} Bc5 {[%emt 0:04:54]} 16. Bg5 {
[%emt 0:04:32]} Rde8 {[%emt 0:03:12]} 17. Bf6 {[%emt 0:02:24]} Rhg8 {[%emt 0:
02:33]} 18. Ne5 {[%emt 0:01:47]} Qd6 {[%emt 0:05:15]} 19. Nxc6 {[%emt 0:02:50]}
Qxf6 {[%emt 0:03:58]} 20. Nxa7+ {[%emt 0:00:49]} Bxa7 {[%emt 0:00:34]} 21. Qxa7
{[%emt 0:00:19]} c6 {[%emt 0:02:54]} 22. Bd3 {[%emt 0:00:58]} Rd8 {[%emt 0:02:
56]} 23. Rfe1 {[%emt 0:01:30]} Qd6 {[%emt 0:03:33]} 24. Rad1 {[%emt 0:01:24]}
Qf6 {[%emt 0:03:47]} 25. b3 {[%emt 0:02:54]} h5 {[%emt 0:05:07]} 26. Re4 {
[%emt 0:02:16]} Qd6 {[%emt 0:05:01]} 27. Rde1 {[%emt 0:01:27]} Qb8 {[%emt 0:02:
27]} 28. Qxb8+ {[%emt 0:01:01]} Kxb8 {[%emt 0:00:07]} 29. Re7 {[%emt 0:00:31]}
Rgf8 {[%emt 0:01:21]} 30. f3 {[%emt 0:02:07]} Ka7 {[%emt 0:01:23]} 31. a4 {
[%emt 0:00:53]} f5 {[%emt 0:02:00]} 32. Rg7 {[%emt 0:03:04]} Rf6 {[%emt 0:00:
36]} 33. Ree7 {[%emt 0:00:17]} Rb8 {[%emt 0:00:21]} 34. a5 {[%emt 0:00:34]} Rd6
{[%emt 0:00:31]} 35. a6 {[%emt 0:00:32]} Rf6 {[%emt 0:00:55]} 36. Rxb7+ {
[%emt 0:00:41]} Ka8 {[%emt 0:01:59]} 37. Ra7# {[%emt 0:00:31]} 1-0

[Event "European School Championships"]
[Site "Rhodes, Greece"]
[Date "2022.04.22"]
[Round "2.2"]
[White "Baruch, Amit"]
[Black "Kalyoncu, Beren"]
[Result "0-1"]
[WhiteElo "1250"]
[BlackElo "1165"]
[PlyCount "58"]
[EventDate "2022.04.21"]
[EventRounds "9"]

1. e4 {[%emt 0:00:03]} e5 {[%emt 0:00:10]} 2. Nf3 {[%emt 0:00:08]} Nf6 {
[%emt 0:00:12]} 3. Nc3 {[%emt 0:00:21]} Nc6 {[%emt 0:00:19]} 4. d4 {[%emt 0:00:
19]} exd4 {[%emt 0:01:03]} 5. Nxd4 {[%emt 0:00:21]} Bb4 {[%emt 0:02:32]} 6. f3
{[%emt 0:06:31]} d5 {[%emt 0:12:51]} 7. Bb5 {[%emt 0:04:58]} Bd7 {[%emt 0:05:
45]} 8. Bxc6 {[%emt 0:07:29]} Bxc6 {[%emt 0:01:14]} 9. Nxc6 {[%emt 0:00:32]}
bxc6 {[%emt 0:00:58]} 10. Qd4 {[%emt 0:06:51]} Qe7 {[%emt 0:07:24]} 11. Bg5 {
[%emt 0:03:20]} c5 {[%emt 0:01:58]} 12. Bxf6 {[%emt 0:06:40]} cxd4 {[%emt 0:01:
06]} 13. Bxe7 {[%emt 0:00:22]} Kxe7 {[%emt 0:00:18]} 14. O-O-O {[%emt 0:02:27]}
dxc3 {[%emt 0:00:13]} 15. Rxd5 {[%emt 0:00:42]} cxb2+ {[%emt 0:00:23]} 16. Kxb2
{[%emt 0:00:33]} Rhd8 {[%emt 0:01:19]} 17. Rhd1 {[%emt 0:00:48]} Rab8 {[%emt 0:
02:45]} 18. R1d3 {[%emt 0:04:51]} Rxd5 {[%emt 0:01:30]} 19. exd5 {[%emt 0:00:
37]} Bd6+ {[%emt 0:00:24]} 20. Rb3 {[%emt 0:00:22]} Rxb3+ {[%emt 0:00:14]} 21.
Kxb3 {[%emt 0:01:01]} Bxh2 {[%emt 0:00:10]} 22. Kb4 {[%emt 0:00:28]} Kd6 {
[%emt 0:00:43]} 23. Kc4 {[%emt 0:01:35]} Bg1 {[%emt 0:00:39]} 24. f4 {[%emt 0:
00:48]} f5 {[%emt 0:01:09]} 25. Kd3 {[%emt 0:06:37]} Kxd5 {[%emt 0:00:30]} 26.
a3 {[%emt 0:01:56]} h6 {[%emt 0:00:53]} 27. a4 {[%emt 0:01:34]} g5 {[%emt 0:00:
30]} 28. fxg5 {[%emt 0:00:31]} hxg5 {[%emt 0:00:17]} 29. a5 {[%emt 0:02:15]} a6
{[%emt 0:01:38]} 0-1

[Event "European School Championships"]
[Site "Rhodes, Greece"]
[Date "2022.04.22"]
[Round "2.3"]
[White "Anemogianni, Savvina"]
[Black "Pissadaki, Despoina"]
[Result "1-0"]
[WhiteElo "1102"]
[BlackElo "1233"]
[PlyCount "65"]
[EventDate "2022.04.21"]
[EventRounds "9"]

1. e4 {[%emt 0:00:02]} e5 {[%emt 0:00:08]} 2. Nf3 {[%emt 0:00:06]} Nc6 {
[%emt 0:00:09]} 3. d4 {[%emt 0:00:05]} exd4 {[%emt 0:00:09]} 4. Nxd4 {[%emt 0:
00:07]} Bc5 {[%emt 0:00:09]} 5. Be3 {[%emt 0:00:11]} Bb6 {[%emt 0:02:37]} 6.
Nc3 {[%emt 0:01:26]} Nf6 {[%emt 0:00:49]} 7. Bc4 {[%emt 0:00:47]} h6 {[%emt 0:
01:10]} 8. O-O {[%emt 0:00:32]} O-O {[%emt 0:00:31]} 9. Nxc6 {[%emt 0:03:24]}
dxc6 {[%emt 0:00:21]} 10. Bxb6 {[%emt 0:00:27]} cxb6 {[%emt 0:01:02]} 11. Qxd8
{[%emt 0:01:04]} Rxd8 {[%emt 0:00:11]} 12. Rad1 {[%emt 0:00:22]} Bg4 {[%emt 0:
04:59]} 13. f3 {[%emt 0:01:24]} Bh5 {[%emt 0:00:10]} 14. Ne2 {[%emt 0:02:12]}
Bg6 {[%emt 0:04:00]} 15. Nf4 {[%emt 0:00:50]} Bh7 {[%emt 0:00:18]} 16. Rd3 {
[%emt 0:04:01]} a5 {[%emt 0:05:02]} 17. Rfd1 {[%emt 0:02:35]} Rxd3 {[%emt 0:01:
07]} 18. Bxd3 {[%emt 0:00:16]} Rd8 {[%emt 0:03:07]} 19. e5 {[%emt 0:01:52]}
Bxd3 {[%emt 0:00:34]} 20. exf6 {[%emt 0:00:18]} gxf6 {[%emt 0:00:35]} 21. Rxd3
{[%emt 0:00:16]} Re8 {[%emt 0:03:00]} 22. Rd7 {[%emt 0:00:35]} Rb8 {[%emt 0:01:
21]} 23. Rd6 {[%emt 0:00:35]} Kg7 {[%emt 0:00:43]} 24. Nh5+ {[%emt 0:00:10]}
Kg6 {[%emt 0:00:20]} 25. Nxf6 {[%emt 0:00:06]} Kf5 {[%emt 0:00:50]} 26. Ne4 {
[%emt 0:00:14]} Ke5 {[%emt 0:01:50]} 27. g4 {[%emt 0:00:29]} h5 {[%emt 0:01:47]
} 28. h3 {[%emt 0:00:25]} h4 {[%emt 0:00:52]} 29. Kf2 {[%emt 0:00:16]} Kf4 {
[%emt 0:01:12]} 30. Rf6+ {[%emt 0:00:11]} Ke5 {[%emt 0:00:49]} 31. Ke3 {
[%emt 0:00:11]} Rf8 {[%emt 0:00:24]} 32. Rd6 {[%emt 0:00:11]} b5 {[%emt 0:01:
01]} 33. f4# {[%emt 0:00:14]} 1-0

[Event "European School Championships"]
[Site "Rhodes, Greece"]
[Date "2022.04.22"]
[Round "2.4"]
[White "Kutateladze, Anastasia"]
[Black "Onipko, Kateryna"]
[Result "1-0"]
[WhiteElo "1180"]
[BlackElo "1154"]
[PlyCount "89"]
[EventDate "2022.04.21"]
[EventRounds "9"]

1. e4 {[%emt 0:00:02]} e6 {[%emt 0:00:08]} 2. d4 {[%emt 0:00:10]} d5 {[%emt 0:
00:08]} 3. Nc3 {[%emt 0:00:05]} Bb4 {[%emt 0:00:25]} 4. e5 {[%emt 0:00:15]} c5
{[%emt 0:00:09]} 5. a3 {[%emt 0:00:21]} Bxc3+ {[%emt 0:00:16]} 6. bxc3 {
[%emt 0:00:06]} Ne7 {[%emt 0:00:23]} 7. Qg4 {[%emt 0:02:46]} Qc7 {[%emt 0:01:
34]} 8. Ra2 {[%emt 0:04:48]} cxd4 {[%emt 0:00:32]} 9. cxd4 {[%emt 0:01:01]} Nf5
{[%emt 0:02:23]} 10. Bb5+ {[%emt 0:15:51]} Bd7 {[%emt 0:03:28]} 11. Bxd7+ {
[%emt 0:00:43]} Nxd7 {[%emt 0:00:15]} 12. Ne2 {[%emt 0:03:13]} Qc4 {[%emt 0:00:
35]} 13. Rb2 {[%emt 0:00:48]} Nxe5 {[%emt 0:01:05]} 14. Qf4 {[%emt 0:02:03]}
Nc6 {[%emt 0:01:38]} 15. c3 {[%emt 0:05:19]} Na5 {[%emt 0:01:51]} 16. Rb4 {
[%emt 0:04:22]} Qc6 {[%emt 0:01:42]} 17. a4 {[%emt 0:07:40]} Nc4 {[%emt 0:01:
42]} 18. Ng3 {[%emt 0:05:17]} Ne7 {[%emt 0:00:56]} 19. O-O {[%emt 0:08:03]} Ng6
{[%emt 0:00:44]} 20. Qf3 {[%emt 0:02:02]} a5 {[%emt 0:01:10]} 21. Rb5 {[%emt 0:
03:25]} Nd6 {[%emt 0:01:39]} 22. Rb1 {[%emt 0:01:06]} Qxa4 {[%emt 0:00:28]} 23.
Rb6 {[%emt 0:02:18]} Qd7 {[%emt 0:00:22]} 24. Nh5 {[%emt 0:02:37]} Rg8 {
[%emt 0:01:14]} 25. Bh6 {[%emt 0:03:45]} Nf5 {[%emt 0:00:45]} 26. Bxg7 {
[%emt 0:00:30]} Qc7 {[%emt 0:01:16]} 27. Nf6+ {[%emt 0:01:50]} Kd8 {[%emt 0:01:
27]} 28. Nxg8 {[%emt 0:03:54]} Qxb6 {[%emt 0:00:25]} 29. Be5 {[%emt 0:00:42]}
Nxe5 {[%emt 0:03:51]} 30. dxe5 {[%emt 0:00:16]} Kc7 {[%emt 0:03:32]} 31. Nf6 {
[%emt 0:00:29]} h6 {[%emt 0:01:44]} 32. Nxd5+ {[%emt 0:00:31]} exd5 {[%emt 0:
00:59]} 33. Qxf5 {[%emt 0:01:09]} Qe6 {[%emt 0:00:33]} 34. Qf4 {[%emt 0:01:32]}
Re8 {[%emt 0:02:52]} 35. Re1 {[%emt 0:01:53]} Kc8 {[%emt 0:01:23]} 36. Qa4 {
[%emt 0:01:31]} b6 {[%emt 0:00:28]} 37. f4 {[%emt 0:00:47]} f6 {[%emt 0:01:00]}
38. f5 {[%emt 0:02:31]} Qe7 {[%emt 0:00:17]} 39. Qc6+ {[%emt 0:00:47]} Kb8 {
[%emt 0:00:39]} 40. Qxb6+ {[%emt 0:00:24]} Qb7 {[%emt 0:00:13]} 41. Qxf6 {
[%emt 0:01:36]} a4 {[%emt 0:00:32]} 42. Qd6+ {[%emt 0:00:16]} Ka8 {[%emt 0:00:
21]} 43. e6 {[%emt 0:00:55]} Qa7+ {[%emt 0:03:01]} 44. Kh1 {[%emt 0:00:14]} Qb7
{[%emt 0:00:15]} 45. f6 {[%emt 0:01:31]} 1-0